000 01092nam a2200313Ia 4500
003 GCL
008 140319s9999 xx 000 0 ara d
020 _a5970345977
040 _aGCL /
_cGCL
082 0 4 _a155.25
_bوأ
100 1 _aوابولدينج ، روبرت
245 1 0 _aادارة النفس :
_bCOUNSELLING WITH REALITY THERAPY /
_cوابولدينج ، روبرت
700 1 _aبريكل ، جون
250 _aالاولى
260 _aالقاهرة :
_bدار الفاروق للنشر والتوزيع ،
_c2005
300 _a152 ص ؛
_c22 سم
490 _aالصحة النفسية
_v0
650 0 4 _aالعلاقات الانسانية
650 0 4 _aالعلاقات الاسرية
650 0 4 _aالشخصية
650 0 4 _aعلم النفس الاجتماعى
650 0 4 _aالامراض النفسية
650 0 4 _aالارشاد الاجتماعى
650 0 4 _aالعلاقات الاجتماعية
650 0 4 _aالادمان
650 0 4 _aالشخصية - اضطرابات
650 0 4 _aالشخصية - تقييم
942 _2ddc
_cBK
999 _c8275
_d8275